000 00879nam a2200265Ia 4500
003 OSt
005 20220927110848.0
006 a|||||r|||| 00| 0
007 ta
008 220926b |||||||| |||| 00| 0 eng d
024 _a107441
037 _cReports
040 _aRTL
_cRTL
_beng
041 _2eng
_aeng
082 _a"Y72.261.N7, L9/GD"
110 _a"India,Planning Comm. Plan Projects(Commit on-)Tribal Devdelopment Program(Study team 0n-)"
_9380701
245 0 _aReport of the study team on tribal development programmes Assam.
260 _aNew
_bDelhi MOP India
_c1979
300 _a181p
_ccm.
490 _vAssam
650 _aTribes
700 _a"India,Planning Comm. Plan Projects(Commit on-)Tribal Devdelopment Program(Study team 0n-)"
_9380702
942 _h"Y72.261.N7, L9/GD"
_cCC
999 _c698210
_d698210